000 00260nam a2200109Ia 4500
008 200302s9999 xx 000 0 und d
100 _aSourthern Living
245 _aCreating Beautiful Floors
260 _bSunset Books Inc.
260 _c1999
300 _a112 P.,
999 _c1268
_d1268